000
00200 a2200097 4500
001
28752
100
_a
Allilueva, S P
245
_a
Only one year
260
_a
_b
Hutchinson
_c
090
_c
19193
_d
19193
942
_a
NUST-CAE
_c
M
_c
10217
999
_c
263825
_d
263825